000 00955nac a22002291u 4500
020 _a0070587434
082 _a005.756
_bA4251
090 _c580
_d580
100 _aAllen, Christopher.
245 _aIntroduction to relational databases and SQL programming /
_cChristopher Allen, Simon Chatwin, Catherine Creary ; [technical editor: Douglas Shook].
260 _aNew Delhi :
_bMcGraw-Hill Technology Education,
_c c2004.
300 _axvii, 395 p. :
_bb ill. ;
_cc 28 cm. +
_e3 CD-ROMs.
500 _a"CD-ROM includes trial version of Oracle9i standard edition"--Cover.
500 _aIncludes index.
650 _aRelational databases.
650 _aSQL (Computer program language)
700 _aChatwin, Simon.
700 _aCreary, Catherine.
700 _aShook, Douglas.
942 _cBB
_k005.756A4251
999 _c580
_d580